STURDEVANTS ART & SCIENCE OF OPERATIVE DENTISTRY (Record no. 3574)

MARC details
000 -LEADER
fixed length control field 00388nam a2200145Ia 4500
008 - FIXED-LENGTH DATA ELEMENTS--GENERAL INFORMATION
fixed length control field 150201s2006 xx 000 0 und d
082 ## - DEWEY DECIMAL CLASSIFICATION NUMBER
Classification number 617.692
Item number S2006R
100 ## - MAIN ENTRY--PERSONAL NAME
Personal name ROBERSON
245 ## - TITLE STATEMENT
Title STURDEVANTS ART & SCIENCE OF OPERATIVE DENTISTRY
250 ## - EDITION STATEMENT
Edition statement 5TH
260 ## - PUBLICATION, DISTRIBUTION, ETC. (IMPRINT)
Name of publisher, distributor, etc. MOSBY
Place of publication, distribution, etc. DELHI
Date of publication, distribution, etc. 2006
300 ## - PHYSICAL DESCRIPTION
Extent 1-1006
650 ## - SUBJECT ADDED ENTRY--TOPICAL TERM
Topical term or geographic name as entry element CONSERVATIVE DENTISTRY & ENDODONTICS
942 ## - ADDED ENTRY ELEMENTS (KOHA)
Source of classification or shelving scheme Dewey Decimal Classification
Koha item type Books
Koha issues (borrowed), all copies 125
Holdings
Withdrawn status Lost status Source of classification or shelving scheme Damaged status Not for loan Home library Current library Date acquired Source of acquisition Cost, normal purchase price Serial Enumeration / chronology SGTU Bill Number Total Checkouts Full call number Barcode Date last seen Date last checked out Bill Date Koha item type
    Dewey Decimal Classification     SGT Dental Library SGT Dental Library 19/02/2007 U.B.S.DELHI 1850.00 1 SGTU 1144 49 617.692 S2006R FD4139 05/03/2026 13/02/2026 14/08/2012 Books
    Dewey Decimal Classification     SGT Dental Library SGT Dental Library 19/02/2007 U.B.S.DELHI 1850.00 1 SGTU 1144 26 617.692 S2006R FD4140 05/12/2025 05/12/2025 14/08/2012 Books
    Dewey Decimal Classification     SGT Dental Library SGT Dental Library 19/02/2007 U.B.S.DELHI 1850.00 1 SGTU 1144 33 617.692 S2006R FD4141 10/03/2026 10/03/2026 14/08/2012 Books
    Dewey Decimal Classification     SGT Dental Library SGT Dental Library 19/02/2007 U.B.S.DELHI 1850.00 1 SGTU 1144   617.692 S2006R FD4142 09/02/2015   14/08/2012 Books
    Dewey Decimal Classification     SGT Dental Library SGT Dental Library 31/10/2007 U.B.S.DELHI 1800.00 1 SGTU 709 39 617.6342 S2007R FD4448 04/11/2025 24/10/2025 25/08/2012 Books
    Dewey Decimal Classification     SGT Dental Library SGT Dental Library 31/10/2007 U.B.S.DELHI 1800.00 1 SGTU 709 60 617.6342 S2007R FD4449 24/02/2026 24/02/2026 25/08/2012 Books
    Dewey Decimal Classification     SGT Dental Library SGT Dental Library 31/10/2007 U.B.S.DELHI 1800.00 1 SGTU 709 21 617.6342 S2007R FD4450 17/12/2021 17/12/2021 25/08/2012 Books